000 00818nam a2200253Ia 4500
003 OSt
005 20220918171853.0
006 a|||||r|||| 00| 0
007 ta
008 220917b |||||||| |||| 00| 0 eng d
020 _a9788182744820 (hbk)
_c695
024 _a255,464
037 _b167, 14/10/2011, Om Book Distributors
_cTextual
040 _aARTS
_cARTS
_beng
041 _2eng
_aeng
082 _aV41.P1, Q0
100 _aPanda Jagannath P.
_939120
245 0 _aChina's path to power
_b Party, military and the politics of state transition
260 _aNew Delhi
_bPentagon Security International India
_c2010
300 _axx, 234p.
_ccm.
650 _aHISTORY
942 _hV41.P1, Q0
_cTEXL
_2CC
999 _c141662
_d141662